| 000 | 01278namaa2200349 i 4500 | ||
|---|---|---|---|
| 003 | EG-GICUC | ||
| 005 | 20251206141221.0 | ||
| 008 | 251206s2000 fr ab||gr|||| 001 0 eng d | ||
| 020 | _a2738495915 | ||
| 020 | _a9782738495914 | ||
| 040 |
_aEG-GiCUC _beng _cEG-GiCUC _dEG-GiCUC _erda |
||
| 043 |
_amm----- _ae------ |
||
| 082 | 0 | 4 |
_221 _a327.091822 _bM323 |
| 092 | 0 | 4 |
_221 _a327.091822 _bM323 |
| 099 | _a327.091822 M323 | ||
| 100 | 1 | _eمؤلف. | |
| 245 | 0 | 0 |
_aMare Nostrum : _bdynamiques et mutations géopolitiques de la Méditerranée / _csous la direction de André-Louis Sanguin. |
| 264 |
_aParis : _bL'Harmattan, _c2000. |
||
| 300 |
_a320 pages : _bIllustrations, maps ; _c24 cm. |
||
| 336 |
_2rdacontent _atext |
||
| 337 |
_2rdamedia _aUnmediated |
||
| 338 |
_2rdacarrier _avolume |
||
| 490 |
_aSérie "Culture et politique". _a"Collection Géographie et cultures" |
||
| 504 | _aIncludes bibliographical references. | ||
| 541 |
_aDr. Jabir Usfour ; _bCairo ; _cGift ; _d2024. |
||
| 650 | 1 |
_aGeopolitics _zMediterranean Region. _2qrmak |
|
| 651 | 1 |
_2qrmak _aEurope _xRelations _zMediterranean Region. |
|
| 651 | 1 |
_aMediterranean Region. _xRelations _zEurope |
|
| 700 | 1 |
_aSanguin, André-Louis, _d1945- _910027 |
|
| 905 | _aAsmaa | ||
| 942 |
_2ddc _cBK _e21 _n0 |
||
| 999 |
_c176519 _d176519 |
||